| 000 | 00701cam a22002171 4500 | ||
|---|---|---|---|
| 001 | 000714271 | ||
| 003 | AM-YeHGA | ||
| 005 | 20250618073718.0 | ||
| 008 | 740308s1933 fr 000 1 fre d | ||
| 040 | _aAM-YeHGA | ||
| 041 | 0 | _afre | |
| 100 | 1 |
_aDuhamel, Georges, _d1884-1966. |
|
| 245 | 1 | 3 |
_aLe jardin des betes sauvages : _bRoman / _cGeorges Duhamel. |
| 260 |
_a[Paris] : _bMercvre de France, _c1933. |
||
| 300 | _a246 p., [5] l. | ||
| 440 | 3 |
_aLe livre de poche. _pTexte integral _v872 |
|
| 490 | 1 |
_aHis Chronique des Pasquier, _v2 |
|
| 650 | 1 | 4 |
_aՖրանսիական գրականություն _94810 |
| 800 | 1 |
_aDuhamel, Georges, _d1884-1966. _iChronique des Pasquier. _v2 |
|
| 090 | _c265652 | ||
| 999 |
_c264022 _d264022 |
||